Normal view MARC view
  • Pereyra, Bárbara

Entry Nombre Personal

Number of records used in: 1

001 - NUMERO DE CONTROL

  • campo de control: 53523

003 - IDENTIFICADOR DE NUMERO DE CONTROL

  • campo de control: MX-MxUPN

005 - FECHA Y HORA DE LA ÜLTIMA TRANSACCIÓN

  • campo de control: 20240911101759.0

008 - DATOS DE LONGITUD FIJA

  • campo de control de longitud fija: 240911|| acn||aabn | aaa d

040 ## - FUENTE DE CATALOGACIÓN

  • Agencia original de catalogación: MX-MxUPN
  • Lenguaje de catalogación: spa
  • Agencia de transcripción: MX-MxUPN

100 1# - ENCABEZAMIENTO - NOMBRE PERSONAL

  • Nombre personal: Pereyra, Bárbara

372 ## - CAMPO DE ACTIVIDAD

  • Field of activity: Eduacación
  • Field of activity: Psicopedagogía

373 ## - GRUPO ASOCIADO

  • Associated group: Universidad de Buenos Aires
  • Associated group: Universidad de Mendoza

374 ## - OCUPACIÓN

  • Occupation: Profesora
  • Occupation: Psicopedagoga

670 ## - FUENTE EN LA QUE SE LOCALIZARON DATOS

  • Cita de la fuente: Psicopedagogía : revisión de conceptos y problemas, 2021 :
  • Información localizada: página 1896 (Bárbara Pereyra. Licenciada en ciencias de la educación (UBA) y en psicopedagogía (UM))

902 ## - CATALOGADOR

  • Catalogador: MaríaRobles/100924